Transferts Top 14 - intersaison 2025. - Statistiques

Statistiques générales
  • Ce quiz a été pris 38 fois
  • Le résultat moyen est 28 sur 53
Statistiques - réponses
Poste Joueur De À % Correct
Demi de mêlée Nolann Le Garrec Racing 92 Stade rochelais
94%
3e ligne Cameron Woki Racing 92 Union Bordeaux Bègles
88%
Centre Tani Vili RC Vannes Stade français
85%
Arrière Davit Niniashvili Lyon OU Stade rochelais
82%
Talonneur Gaëtan Barlot Castres olympique Union Bordeaux Bègles
82%
Pilier George-Henri Colombe Stade rochelais Stade toulousain
82%
Demi de mêlée Martin Page-Relo Lyon OU Union Bordeaux Bègles
82%
Ailier Teddy Thomas Stade rochelais Stade toulousain
82%
3e ligne Alexandre Fischer ASM Clermont Aviron bayonnais
73%
Demi d'ouverture Anthony Belleau ASM Clermont Northampton Saints
70%
Ailier Jiuta Wainiqolo RC Toulon Lyon OU
70%
Demi de mêlée Léo Carbonneau CA Brive Racing 92
70%
3e ligne Facundo Isa RC Toulon Section paloise
67%
Demi d'ouverture Harry Plummer Blues ASM Clermont
67%
Pilier Thomas Moukoro RC Vannes Lyon OU
67%
Arrière Ugo Pacome Colomiers Rugby Stade rochelais
67%
Demi d'ouverture Ugo Seunes Stade aurillacois Racing 92
67%
Ailier Donovan Taofifénua Racing 92 Montpellier HR
61%
Pilier Emerick Setiano RC Toulon Aviron bayonnais
61%
Arrière Mathis Ferté CA Brive RC Toulon
61%
Demi de mêlée Tawera Kerr-Barlow Stade rochelais Stade français
61%
Pilier Thomas Laclayat Racing 92 Section paloise
61%
Centre Juan Ignacio Brex Benetton Trévise RC Toulon
55%
Talonneur Julian Montoya Leicester Tigers Section paloise
55%
3e ligne Sam Simmonds Montpellier HR Lyon OU
55%
Arrière Gabin Lorre AS Béziers Lyon OU
52%
Demi de mêlée Herschel Jantjies Stormers Aviron bayonnais
52%
3e ligne Mahamadou Diaby Union Bordeaux Bègles USA Perpignan
52%
3e ligne Zach Mercer Gloucester rugby RC Toulon
52%
2e ligne Boris Palu Racing 92 Union Bordeaux Bègles
48%
3e ligne Jamie Ritchie Edimbourg Rugby USA Perpignan
48%
Demi d'ouverture Tristan Tedder Racing 92 USA Perpignan
48%
Demi d'ouverture Benjamin Urdapilleta ASM Clermont CU Buenos Aires
45%
2e ligne Selevasio Tolofua RC Toulon ASM Clermont
45%
3e ligne Tevita Tatafu Union Bordeaux Bègles Tokyo Sungoliath
45%
Pilier Thierry Païva Stade rochelais Stade français
45%
2e ligne Guido Petti Union Bordeaux Bègles Harlequins
42%
Ailier Wilfried Hulleu FC Grenoble Racing 92
42%
Demi de mêlée Yann Lesgourgues Union Bordeaux Bègles Biarritz olympique
42%
Demi de mêlée Ali Price Edimbourg Rugby Montpellier HR
36%
Centre Duncan Paia'aua RC Toulon USA Perpignan
36%
3e ligne Peceli Yato ASM Clermont USA Perpignan
36%
Pilier Taniela Tupou Waratahs Racing 92
36%
Ailier Leicester Fainga'anuku RC Toulon Crusaders
33%
2e ligne Adam Beard Ospreys Montpellier HR
30%
Demi d'ouverture Gareth Anscombe Gloucester rugby Aviron bayonnais
30%
2e ligne JJ van der Mescht Stade français Northampton Saints
30%
Arrière Tom Banks Mie Honda Heat Montpellier HR
30%
Ailier Jordan Petaia Chargers de Los Angeles USA Perpignan
27%
Talonneur Sama Malolo Moana Pasifika USA Perpignan
24%
2e ligne Vaea Fifita Scarlets US Montauban
24%
2e ligne Jonny Hill Sale Sharks Racing 92
21%
3e ligne Lekima Tagitagivalu Section paloise Racing 92
15%
Aucun quiz correspondant
Distribution des résultats
% des personnes avec chaque résultat
Percentile par nombre de réponses
Votre historique - résultats
Vous n’avez pas pris ce quiz